[Event "Ferrol op 31th"]
[Site "Ferrol"]
[Date "2016.07.24"]
[Round "7"]
[White "Ferreiro Solla, Pablo"]
[Black "Carril Garcia, Luis"]
[Result "0-1"]
[WhiteElo "1721"]
[BlackElo "2073"]
[PlyCount "70"]
[EventDate "2016.07.18"]
[EventType "swiss"]
[EventRounds "9"]
[EventCountry "ESP"]
[SourceTitle "EXT 2024"]
[Source "ChessBase"]
[SourceDate "2023.10.10"]
[SourceVersion "1"]
[SourceVersionDate "2023.10.10"]
[SourceQuality "1"]

1. e4 c5 2. Nf3 d6 3. c3 Nf6 4. Bb5+ Bd7 5. Bxd7+ Nbxd7 6. Qe2 e6 7. 0-0 Be7 8. d3 0-0 9. Bf4 a6 10. d4 d5 11. exd5 Nxd5 12. Bg3 cxd4 13. Nxd4 Bf6 14. Nxe6 Re8 15. Nxd8 Rxe2 16. Nxb7 Rxb2 17. Nd6 Nc5 18. Nc4 Re2 19. a4 Nxc3 20. Nxc3 Bxc3 21. Ra3 Bb4 22. Nb6 Bxa3 23. Nxa8 Nxa4 24. Rb1 Bb2 25. Rd1 h6 26. Kf1 Nc3 27. Nc7 Rc2 28. Rd8+ Kh7 29. f3 a5 30. Rd7 a4 31. Rxf7 Nd1 32. Ne8 Ne3+ 33. Ke1 Nxg2+ 34. Kf1 Ne3+ 35. Ke1 Bc3# 0-1

[Event "Ferrol op 31th"]
[Site "Ferrol"]
[Date "2016.07.23"]
[Round "6"]
[White "Carril Garcia, Luis"]
[Black "Medarde Santiago, Luis Marcos"]
[Result "0-1"]
[WhiteElo "2073"]
[BlackElo "2292"]
[PlyCount "138"]
[EventDate "2016.07.18"]
[EventType "swiss"]
[EventRounds "9"]
[EventCountry "ESP"]
[SourceTitle "EXT 2024"]
[Source "ChessBase"]
[SourceDate "2023.10.10"]
[SourceVersion "1"]
[SourceVersionDate "2023.10.10"]
[SourceQuality "1"]

1. Nf3 g6 2. c4 Bg7 3. g3 e5 4. d3 d6 5. Nc3 f5 6. Bg2 Nf6 7. 0-0 0-0 8. Rb1 h6 9. b4 Nc6 10. b5 Ne7 11. Qb3 Be6 12. Nd2 Rb8 13. Ba3 g5 14. e3 f4 15. exf4 gxf4 16. Nce4 Nf5 17. Bb2 fxg3 18. hxg3 Ng4 19. Qd1 Nd4 20. Bxd4 exd4 21. Bh3 Qd7 22. c5 Ne5 23. Bxe6+ Qxe6 24. cxd6 cxd6 25. Qb3 Qxb3 26. Rxb3 d5 27. Nc5 Rfc8 28. Ne6 Rc2 29. Nxg7 Kxg7 30. Re1 Kf6 31. f4 Ng4 32. Nf3 Ne3 33. Nxd4 Rg2+ 34. Kh1 Rxg3 35. Rb2 Rbg8 36. Rbe2 Rh3+ 37. Rh2 Rxh2+ 38. Kxh2 Ng4+ 39. Kg2 Ne5+ 40. Kf1 Nxd3 41. Re6+ Kf7 42. Rxh6 Rg7 43. Rh5 Rg4 44. Rxd5 Rxf4+ 45. Ke2 Nb4 46. Rf5+ Rxf5 47. Nxf5 Ke6 48. Nd4+ Kd5 49. Nb3 b6 50. a4 Kc4 51. Nd2+ Kc3 52. Ke3 Nc2+ 53. Ke2 Kb4 54. Kd3 Na3 55. Ne4 Kxa4 56. Nc3+ Kb4 57. Kd2 Nxb5 58. Nb1 Nd6 59. Kc2 Nc4 60. Nc3 a5 61. Nd5+ Kc5 62. Nxb6 Kxb6 63. Kb3 Kb5 64. Ka2 Kb4 65. Ka1 Kb3 66. Kb1 a4 67. Ka1 a3 68. Kb1 Ne3 69. Ka1 Nc2+ 0-1

[Event "Galego-ch"]
[Site "Padron"]
[Date "2016.03.20"]
[Round "2.1"]
[White "Carril Garcia, Luis"]
[Black "Portela Peleteiro, Alberto"]
[Result "0-1"]
[WhiteElo "2068"]
[BlackElo "2324"]
[PlyCount "80"]
[EventDate "2016.03.19"]
[EventType "swiss"]
[EventRounds "7"]
[EventCountry "ESP"]
[SourceTitle "EXT 2024"]
[Source "ChessBase"]
[SourceDate "2023.10.10"]
[SourceVersion "1"]
[SourceVersionDate "2023.10.10"]
[SourceQuality "1"]

1. d4 d5 2. c4 e6 3. Nc3 c6 4. e3 Bd6 5. Qc2 f5 6. Bd3 a6 7. Nf3 Nf6 8. b3 0-0 9. Bb2 Nbd7 10. 0-0 Ne4 11. Ne2 Qf6 12. Ng3 g5 13. Qe2 Nxg3 14. fxg3 g4 15. Nd2 Qg7 16. e4 fxe4 17. Bxe4 dxe4 18. Nxe4 Be7 19. d5 e5 20. d6 Bd8 21. c5 b5 22. b4 Rxf1+ 23. Rxf1 Nf8 24. d7 Bxd7 25. Nd6 Bf6 26. Qf2 Be7 27. Nf7 Ng6 28. Qe3 Rf8 29. Bxe5 Nxe5 30. Nxe5 Rxf1+ 31. Kxf1 Bf6 32. Qb3+ Kf8 33. Nd3 Qf7 34. Qc2 Bd4+ 35. Nf4 Qc4+ 36. Qxc4 bxc4 37. a4 c3 38. Ke2 Bf5 39. h3 c2 40. Kd2 Be3+ 0-1

[Event "Sanxenxo Carlos op 7th"]
[Site "Sanxenxo"]
[Date "2015.06.26"]
[Round "7"]
[White "Alvarez Fernandez, Enrique"]
[Black "Carril Garcia, Luis"]
[Result "1/2-1/2"]
[WhiteElo "2314"]
[BlackElo "2046"]
[PlyCount "104"]
[EventDate "2015.06.20"]
[EventType "swiss"]
[EventRounds "9"]
[EventCountry "ESP"]
[SourceTitle "CBM 167 Extra"]
[Source "ChessBase"]
[SourceDate "2015.09.14"]
[SourceVersion "1"]
[SourceVersionDate "2015.09.14"]
[SourceQuality "1"]

1. d4 d5 2. Bf4 Nf6 3. e3 c5 4. c3 Nc6 5. Nd2 cxd4 6. exd4 g6 7. h3 Nh5 8. Bh2 Bh6 9. Ne2 0-0 10. g4 Nf6 11. Bg2 b6 12. f4 Bg7 13. 0-0 e6 14. Ng3 Bb7 15. Nf3 b5 16. Ne5 Nd7 17. Kh1 Ndxe5 18. dxe5 b4 19. c4 dxc4 20. Ne4 Na5 21. Qa4 Bc6 22. Qxb4 Rb8 23. Qc3 Qb6 24. Bg1 Qb4 25. Bxa7 Qxc3 26. bxc3 Rb2 27. Rf2 Rxf2 28. Nxf2 g5 29. Ne4 Ra8 30. Be3 Nb3 31. Rd1 Bxe4 32. Bxe4 Rxa2 33. Rd8+ Bf8 34. Bxh7+ Kxh7 35. Rxf8 Kg7 36. Rc8 Re2 37. Bb6 gxf4 38. Rxc4 f3 39. Rf4 Nd2 40. c4 Re1+ 41. Bg1 f2 42. Rxf2 Nxc4 43. Kg2 Nxe5 44. Ra2 Ng6 45. Bf2 Rb1 46. Bg3 Rb3 47. h4 e5 48. Rf2 f6 49. h5 Nf8 50. g5 fxg5 51. Bxe5+ Kg8 52. Bf6 Nh7 1/2-1/2

[Event "Sanxenxo Carlos op 7th"]
[Site "Sanxenxo"]
[Date "2015.06.21"]
[Round "2"]
[White "Carril Garcia, Luis"]
[Black "Kantans, Toms"]
[Result "0-1"]
[WhiteElo "2046"]
[BlackElo "2451"]
[PlyCount "120"]
[EventDate "2015.06.20"]
[EventType "swiss"]
[EventRounds "9"]
[EventCountry "ESP"]
[SourceTitle "CBM 167 Extra"]
[Source "ChessBase"]
[SourceDate "2015.09.14"]
[SourceVersion "1"]
[SourceVersionDate "2015.09.14"]
[SourceQuality "1"]

1. Nf3 Nc6 2. d4 d5 3. Bf4 Bg4 4. Nbd2 e6 5. e3 Bd6 6. Bg3 Nge7 7. c3 0-0 8. Bd3 Nf5 9. Qc2 h6 10. Bxd6 Qxd6 11. h3 Bxf3 12. Nxf3 Nfe7 13. 0-0-0 e5 14. dxe5 Nxe5 15. Nxe5 Qxe5 16. g4 Rfd8 17. Rde1 c5 18. f4 Qd6 19. g5 hxg5 20. fxg5 Nc6 21. h4 d4 22. exd4 cxd4 23. g6 dxc3 24. gxf7+ Kf8 25. Re8+ Rxe8 26. fxe8Q+ Rxe8 27. Rf1+ Kg8 28. Bc4+ Kh8 29. Qxc3 Ne5 30. Bb3 Ng4 31. Bc2 Nf6 32. h5 Qa6 33. Qd3 Qa5 34. h6 Re1+ 35. Rxe1 Qxe1+ 36. Bd1 gxh6 37. Qd8+ Kg7 38. Qc7+ Kg6 39. Qxb7 Qe3+ 40. Kb1 h5 41. Qg2+ Kh6 42. Qf1 Qd4 43. a3 h4 44. Bc2 Qe5 45. Qd3 Kg5 46. Qg6+ Kf4 47. Qg1 Ng4 48. Qf1+ Kg5 49. Qg2 Qe1+ 50. Ka2 Kf4 51. Qd5 h3 52. Qd6+ Qe5 53. Qd2+ Kg3 54. Qd3+ Qe3 55. Qd6+ Ne5 56. Qf6 h2 57. Qg7+ Ng4 58. Qb7 Nf2 59. Qc7+ Kg2 60. Qb7+ Kg1 0-1

[Event "Sanxenxo Carlos op 6th"]
[Site "Sanxenxo"]
[Date "2014.06.23"]
[Round "3"]
[White "Suarez Gomez, Julio"]
[Black "Carril Garcia, Luis"]
[Result "1-0"]
[WhiteElo "2307"]
[BlackElo "2058"]
[PlyCount "75"]
[EventDate "2014.06.21"]
[EventType "swiss"]
[EventRounds "9"]
[EventCountry "ESP"]
[SourceTitle "CBM 161 Extra"]
[Source "ChessBase"]
[SourceDate "2014.08.29"]
[SourceVersion "1"]
[SourceVersionDate "2014.08.29"]
[SourceQuality "1"]

1. e4 e6 2. d4 d5 3. Nc3 Bb4 4. e5 c5 5. Bd2 Nh6 6. a3 Bxc3 7. Bxc3 0-0 8. Nf3 b6 9. b4 cxd4 10. Qxd4 Nf5 11. Qd2 d4 12. Nxd4 Nxd4 13. Qxd4 Qc7 14. Bb2 Bb7 15. Bd3 Nc6 16. Qh4 g6 17. 0-0 Ne7 18. Rfe1 Rac8 19. b5 Rfd8 20. Bc1 Rxd3 21. cxd3 Nf5 22. Qa4 Qd7 23. Be3 Qd5 24. f3 Rc3 25. Bf2 h5 26. Rac1 Rxd3 27. Rcd1 h4 28. Rxd3 Qxd3 29. Rd1 Qe2 30. Rd8+ Kh7 31. h3 Qxe5 32. Rd7 Bd5 33. Qb4 Qa1+ 34. Be1 Nh6 35. Qxh4 Qxa3 36. Bd2 Qa1+ 37. Kh2 Qe5+ 38. Bf4 1-0

[Event "Burgas op 17th"]
[Site "Ourense"]
[Date "2008.07.10"]
[Round "8"]
[White "Garcia Fernandez, Manuel"]
[Black "Carril Garcia, Luis"]
[Result "1-0"]
[WhiteElo "1873"]
[BlackElo "2034"]
[PlyCount "157"]
[EventDate "2008.07.03"]
[EventType "swiss"]
[EventRounds "9"]
[EventCountry "ESP"]
[SourceTitle "CBM 125 Extra"]
[Source "ChessBase"]
[SourceDate "2008.09.01"]
[SourceVersion "1"]
[SourceVersionDate "2008.09.01"]
[SourceQuality "1"]

1. e4 e6 2. d4 d5 3. Nd2 c5 4. exd5 Qxd5 5. Ngf3 cxd4 6. Bc4 Qd6 7. 0-0 Nf6 8. Nb3 Nc6 9. Nbxd4 Nxd4 10. Qxd4 Qxd4 11. Nxd4 Bd7 12. Be2 Rc8 13. c4 Bc5 14. Be3 0-0 15. Rfd1 Rfd8 16. Nc2 Bxe3 17. Nxe3 Bc6 18. b4 Ba4 19. Rxd8+ Rxd8 20. Bd1 Bc6 21. Bc2 Kf8 22. Kf1 Ke7 23. f3 h5 24. Ke2 g5 25. Rd1 Rg8 26. Rd4 g4 27. b5 gxf3+ 28. gxf3 Bd7 29. a4 Rg5 30. Be4 Nxe4 31. Rxe4 Kd6 32. Rd4+ Kc7 33. Rd1 Be8 34. f4 Rc5 35. Rg1 a6 36. Rg8 Kd7 37. Kd3 axb5 38. axb5 Ke7 39. Kd4 b6 40. Nd1 f6 41. Ne3 Kf7 42. Rh8 Ke7 43. Rh7+ Bf7 44. Rh8 Be8 45. Rg8 Kf7 46. Rg1 e5+ 47. fxe5 Rxe5 48. Nd5 Re2 49. Rf1 Rd2+ 50. Kc3 Rxh2 51. Rxf6+ Kg7 52. Rxb6 Bg6 53. Nf4 Be4 54. Re6 Bf5 55. Re2 Rh4 56. Rf2 Bd7 57. Kd4 Rh1 58. Rb2 Kf6 59. c5 Rd1+ 60. Ke3 Rc1 61. Nd3 Rc4 62. b6 Bc6 63. b7 Bxb7 64. Rxb7 Ke6 65. Rb4 Rc2 66. Rh4 Kd7 67. Kd4 Rg2 68. Rxh5 Kc6 69. Rh6+ Kc7 70. Kd5 Rg5+ 71. Ne5 Rg1 72. Rh7+ Kc8 73. Kc6 Rg8 74. Ra7 Kb8 75. Kb6 Rg1 76. Rb7+ Kc8 77. Rh7 Rg8 78. c6 Re8 79. Ra7 1-0

[Event "Burgas op 17th"]
[Site "Ourense"]
[Date "2008.07.07"]
[Round "5"]
[White "Carril Garcia, Luis"]
[Black "Rivera Kuzawka, Daniel"]
[Result "1/2-1/2"]
[WhiteElo "2034"]
[BlackElo "2322"]
[PlyCount "64"]
[EventDate "2008.07.03"]
[EventType "swiss"]
[EventRounds "9"]
[EventCountry "ESP"]
[SourceTitle "CBM 125 Extra"]
[Source "ChessBase"]
[SourceDate "2008.09.01"]
[SourceVersion "1"]
[SourceVersionDate "2008.09.01"]
[SourceQuality "1"]

1. Nf3 c5 2. c4 Nc6 3. g3 e5 4. Nc3 g6 5. Bg2 Bg7 6. 0-0 Nge7 7. d3 d6 8. Rb1 0-0 9. a3 a5 10. Bd2 Rb8 11. Ne1 Be6 12. Nc2 f5 13. b4 axb4 14. axb4 e4 15. bxc5 exd3 16. exd3 dxc5 17. Na4 Qxd3 18. Nxc5 Qxc4 19. Nxb7 Qa2 20. Nb4 Nxb4 21. Bxb4 Rfe8 22. Re1 Kh8 23. Qd6 Nd5 24. Rbd1 Nxb4 25. Qxb4 Qb3 26. Qd6 Bg8 27. Rxe8 Rxe8 28. Nc5 Qb4 29. Bf3 Bf8 30. Qf6+ Bg7 31. Qd6 Bf8 32. Qf6+ Bg7 1/2-1/2